000 00197nam a22000857a 4500
001 1238842
005 20251006124749.0
245 _aRAHMET İZLERİ
_cSEYİT N. TOKSÖZLÜ
260 _bYUNUS EMRE GRAFİK
999 _c1238842
_d1238842